000 00466nam a2200181Ia 4500
001 11090
005 20260306161920.0
008 260306t1987||||xx |||||||||||||| ||spa||
041 _aESP
082 _a985.006
_bT36
100 _aTemoche Benites, Ricardo
_eAUT
245 0 _aCofradías, gremios, mutuales y sindicatos en el Perú texto impreso
260 _c1987
300 _a511 páginas :
_c
650 _aGEN
654 _aCHU
942 _cLIB
_dJUS
_fJUS
_2ddc
_n
999 _c11090
_d11090